000 01133cam a2200349 a 4500
001 14819851
003 ARRUPE
005 20140129161742.0
008 070423s2005 ie b 000 0ceng d
010 _a 2007405501
015 _aGBA697855
_2bnb
016 7 _a013606417
_2Uk
020 _a1853909459
020 _a9781853909450
035 _a(OCoLC)ocm68726008
040 _aPCJ
_cPCJ
_dUKM
_dDLC
042 _alccopycat
043 _ae-ie---
050 0 0 _aBX4678
_b.T46 2005
245 0 0 _aTheology in the making :
_bbiography, contexts, methods /
_cedited by Gesa E. Thiessen & Declan Marmion.
260 _aDublin, Ireland :
_bVeritas,
_c2005.
300 _a170 p. ;
_c21 cm.
504 _aIncludes bibliographical references.
650 0 _aTheologians
_zIreland
_vBiography.
_97247
650 0 _aTheologians.
_97248
650 0 _aTheology.
_97249
700 1 _aThiessen, Gesa Elsbeth.
_97250
700 1 _aMarmion, Declan
_97251
906 _a7
_bcbc
_ccopycat
_d3
_encip
_f20
_gy-gencatlg
942 _2lcc
_cMONOGRAPH
999 _c119753
_d119753